How green is BREEAM? (Record no. 80609)

MARC details
000 -LEADER
fixed length control field 01211cab a22002175a 4500
001 - CONTROL NUMBER
control field L144840
008 - FIXED-LENGTH DATA ELEMENTS--GENERAL INFORMATION
fixed length control field 080813e20080808xxko f 000 0 eng d
035 ## - SYSTEM CONTROL NUMBER
System control number (Sirsi) u144840
041 0# - LANGUAGE CODE
Language code of text/sound track or separate title eng
100 1# - MAIN ENTRY--PERSONAL NAME
Personal name Jansen, Mark
245 00 - TITLE STATEMENT
Title How green is BREEAM?
260 ## - PUBLICATION, DISTRIBUTION, ETC.
Date of publication, distribution, etc. 2008
490 ## - SERIES STATEMENT
Series statement Property Week
Volume/sequential designation 73(32) 8 August 2008, 56-57(2)
520 ## - SUMMARY, ETC.
Summary, etc. Presents the new method of BREEAM ([Building Research Establishment's] Environmental Assessment Method) in use since 1 August 2008. Explains that the new method is put into place to take into account environmental issues, such as energy efficiency, the link between carbon emissions and global warming. Reports that it also includes energy efficiency and water consumption. Mentions that now buildings must be assessed at the design and at the completion stages. Concludes by presenting BRE's plan to develop a new BREEAM, which will measure the sustainability of buildings once occupied.
590 ## - LOCAL NOTE (RLIN)
Local note KA
650 24 - SUBJECT ADDED ENTRY--TOPICAL TERM
Topical term or geographic name entry element BRE ENVIRONMENTAL ASSESSMENT METHOD (BREEAM)
651 #4 - SUBJECT ADDED ENTRY--GEOGRAPHIC NAME
Geographic name United Kingdom
Chronological subdivision
690 ## - LOCAL SUBJECT ADDED ENTRY--TOPICAL TERM (OCLC, RLIN)
Topical term or geographic name as entry element BUILT ENVIRONMENT-SUSTAINABLE CONSTRUCTION
690 ## - LOCAL SUBJECT ADDED ENTRY--TOPICAL TERM (OCLC, RLIN)
Topical term or geographic name as entry element ENVIRONMENTAL AND LAND CONSULTANCY-ENERGY-ENERGY USE-ENERGY EFFICIENCY
942 ## - ADDED ENTRY ELEMENTS (KOHA)
Suppress in OPAC 0
Holdings
Withdrawn status Lost status Source of classification or shelving scheme Damaged status Not for loan Home library Current library Shelving location Date acquired Total Checkouts Full call number Barcode Date last seen Copy number Price effective from Koha item type
    Dewey Decimal Classification     London London Journal article 13/08/2008   L144840 144840-1001 06/08/2019 1 06/08/2019 Journal article